Neuromusculoskeletal examination and assessment : (Record no. 84981)

MARC details
000 -LEADER
fixed length control field 01255cam a2200313 a 4500
001 - CONTROL NUMBER
control field 16805137
003 - CONTROL NUMBER IDENTIFIER
control field CBULib
005 - DATE AND TIME OF LATEST TRANSACTION
control field 20240506112508.0
008 - FIXED-LENGTH DATA ELEMENTS--GENERAL INFORMATION
fixed length control field 110601s2011 stka bf 001 0 eng
010 ## - LIBRARY OF CONGRESS CONTROL NUMBER
LC control number 2011411339
020 ## - INTERNATIONAL STANDARD BOOK NUMBER
International Standard Book Number 9780702029905
040 ## - CATALOGING SOURCE
Original cataloging agency DLC
Transcribing agency DLC
042 ## - AUTHENTICATION CODE
Authentication code pcc
050 00 - LIBRARY OF CONGRESS CALL NUMBER
Classification number RC925.7
Item number .P48 2011
245 00 - TITLE STATEMENT
Title Neuromusculoskeletal examination and assessment :
Remainder of title a handbook for therapists /
Statement of responsibility, etc. edited by Nicola J. Petty, Ann P. Moore ; foreword by Alison Rushton.
250 ## - EDITION STATEMENT
Edition statement 4th ed.
260 ## - PUBLICATION, DISTRIBUTION, ETC.
Place of publication, distribution, etc. Edinburgh ; New York :
Name of publisher, distributor, etc. Churchill Livingstone/Elsevier,
Date of publication, distribution, etc. 2011.
300 ## - PHYSICAL DESCRIPTION
Extent xvii, 447 p. :
Other physical details ill. ;
Dimensions 25 cm.
500 ## - GENERAL NOTE
General note Rev. ed. of: Neuromusculoskeletal examination and assessment / Nicola J. Petty, Ann P. Moore. 1998.
650 #0 - SUBJECT ADDED ENTRY--TOPICAL TERM
Topical term or geographic name entry element Musculoskeletal system
General subdivision Examination
Form subdivision Handbooks, manuals, etc.
650 #0 - SUBJECT ADDED ENTRY--TOPICAL TERM
Topical term or geographic name entry element Nervous system
General subdivision Examination
Form subdivision Handbooks, manuals, etc.
650 #0 - SUBJECT ADDED ENTRY--TOPICAL TERM
Topical term or geographic name entry element Physical therapy
Form subdivision Handbooks, manuals, etc.
700 1# - ADDED ENTRY--PERSONAL NAME
Personal name Petty, Nicola J.
700 1# - ADDED ENTRY--PERSONAL NAME
Personal name Moore, Ann P.
700 1# - ADDED ENTRY--PERSONAL NAME
Personal name Petty, Nicola J.
Title of a work Neuromusculoskeletal examination and assessment.
906 ## - LOCAL DATA ELEMENT F, LDF (RLIN)
a 7
b cbc
c origcop
d 2
e ocip
f 20
g y-gencatlg
942 ## - ADDED ENTRY ELEMENTS (KOHA)
Source of classification or shelving scheme
Koha item type MONOGRAPH
Suppress in OPAC No
Holdings
Withdrawn status Lost status Source of classification or shelving scheme Damaged status Not for loan Collection code Home library Current library Shelving location Date acquired Inventory number Total Checkouts Barcode Date last seen Date last checked out Price effective from Koha item type
          Medical Library Collection CBU-SCHOOL OF MEDICINE LIBRARY, NDOLA. CBU-SCHOOL OF MEDICINE LIBRARY, NDOLA. General Stacks 05/06/2024 RC 925.7 Neu 1 902198 05/20/2024 05/06/2024 05/06/2024 MONOGRAPH